| Поле | Инд. | ПП | Название | Значение |
|---|---|---|---|---|
| Тип записи | a | |||
| Библиографический уровень | a | |||
| 001 | Контрольный номер | RU/IS/BASE/264552127 | ||
| 005 | Дата корректировки | 20231123100535.0 | ||
| 008 | Кодируемые данные | 19981014 | ||
| 040 | 00 | e | Правила каталог. | Т 981014 |
| 084 | a | Индекс другой классификации/Индекс ББК | 63.3(2)25; 63.48(2) | |
| 090 | 00 | a | Полочн. индекс | 63.3(0)3я43 |
| x | Авторский знак | В 387 | ||
| 100 | 10 | a | Автор | Толстов С. |
| 245 | 00 | a | Заглавие | Древнехорезмийские памятники Кара-Калпакии |
| b | Продолж. заглавия | (предварительные итоги археологических работ ИИМК АН СССР и КК АССР в 1938 г.) | ||
| 650 | 04 | a | Основная рубрика | археология |
| a | Основная рубрика | исторические науки | ||
| a | Основная рубрика | история | ||
| 653 | 00 | a | Ключевые слова | бронзовый век |
| a | Ключевые слова | древний мир | ||
| a | Ключевые слова | землепользование | ||
| a | Ключевые слова | изобразительное искусство | ||
| a | Ключевые слова | исторические памятники | ||
| a | Ключевые слова | Кара-Калпакия | ||
| a | Ключевые слова | керамика | ||
| a | Ключевые слова | крепости | ||
| a | Ключевые слова | нумизматический материал | ||
| a | Ключевые слова | оросительные системы | ||
| a | Ключевые слова | орошение | ||
| a | Ключевые слова | раскопки | ||
| a | Ключевые слова | социальное развитие | ||
| a | Ключевые слова | Средняя Азия | ||
| a | Ключевые слова | Хорезм | ||
| a | Ключевые слова | хорезмийская античность | ||
| a | Ключевые слова | хронологические зоны | ||
| a | Ключевые слова | экспедиции | ||
| 773 | 00 | d | Дата издания источника | Москва, 1939 |
| g | Прочая информация | Т.3(8), 4(9). - С.173-199 | ||
| t | Заглавие источника | Вестник древней истории | ||
| w | Контрольный № источника | RU/IS/BASE/101818640 | ||
| 901 | t | Тип документа | a |